000 00387nam a2200145Ia 4500
003 GCL
008 140319s9999 xx 000 0 eng d
040 _aGCL /
_cGCL
082 0 4 _aCH
_b001.03
_bP C
100 1 _aPETER HODDOCK
245 1 0 _aCHILDREN'S PICTORIAL BOOK OF KNOWLEDGE /
_cPETER HODDOCK
260 _a[S.N] :
_bPETER HODDOCK PUBLISHING
650 0 4 _aCHILDREN
942 _2ddc
_cBK
999 _c23584
_d23584